| 000 | 01183nam a2200241Ia 4500 | ||
|---|---|---|---|
| 999 |
_c40359 _d40359 |
||
| 001 | 6967 | ||
| 003 | GE_BSU | ||
| 005 | 20190510144315.0 | ||
| 008 | 181216s1996||||ge |||||||||||||| ||geo|| | ||
| 040 | _cGE_BSU | ||
| 041 | _ageo | ||
| 080 | _a004.65(075.8) ჩ-76 | ||
| 100 |
_aჩოგოვაძე, გ. _9947 |
||
| 245 |
_aმონაცემთა და ცოდნის ბაზების აგების საფუძვლები : _bსახელმძღვ. / _cგ. ჩოგოვაძე, გ. სურგულაძე, ო. შონია ; რედ. დ. დავითური. |
||
| 264 |
_aთბილისი : _bგანათლება, _c1996. |
||
| 300 |
_a375 გვ. ; _c22 სმ. |
||
| 504 | _aბიბლიოგრ. : გვ. 350-354. | ||
| 653 | _aმონაცემთა და ცოდნის ბაზების აგების საფუძვლები | ||
| 700 |
_aსურგულაძე, გ. _eავტორი _9948 |
||
| 700 |
_a შონია, ო. _eავტორი _9949 |
||
| 700 |
_aდავითური, დ. _eრედაქტორი _9950 |
||
| 942 |
_cBK _2udc |
||